000
00334nam a22001457a 4500
008
210308b ||||| |||| 00| 0 eng d
020
_a
0801658462
041
_a
eng
080
_2
4th
_a
616.31
082
_a
616.31
100
_a
5
101
_a
STO
245
_a
Differential Diagnosis of Oral lesions
_c
Wood, N.K
942
_2
udc
_c
BK
999
_c
55898
_d
55898